Internet and information technology (Record no. 437)

MARC details
000 -LEADER
fixed length control field 00484 a2200181 4500
001 - CONTROL NUMBER
control field 066377
003 - CONTROL NUMBER IDENTIFIER
control field OSt
005 - DATE AND TIME OF LATEST TRANSACTION
control field 20210927144403.0
008 - FIXED-LENGTH DATA ELEMENTS--GENERAL INFORMATION
fixed length control field
082 ## - DEWEY DECIMAL CLASSIFICATION NUMBER
Classification number 004.678
Item number S41I
100 1# - MAIN ENTRY--PERSONAL NAME
Personal name Samuel, T.M.
245 1# - TITLE STATEMENT
Title Internet and information technology
Statement of responsibility, etc by T.M. Samuel and Maria Samuel
260 ## - PUBLICATION, DISTRIBUTION, ETC. (IMPRINT)
Place of publication, distribution, etc New Delhi
Name of publisher, distributor, etc Common Wealth
Date of publication, distribution, etc 2008
300 ## - PHYSICAL DESCRIPTION
Extent 289p.
690 ## - LOCAL SUBJECT ADDED ENTRY--TOPICAL TERM (OCLC, RLIN)
Topical term or geographic name as entry element Information technology; Internet
700 ## - ADDED ENTRY--PERSONAL NAME
Personal name Samuel, Maria
942 ## - ADDED ENTRY ELEMENTS (KOHA)
Source of classification or shelving scheme Dewey Decimal Classification
Koha item type Books
Holdings
Withdrawn status Lost status Source of classification or shelving scheme Damaged status Not for loan Collection code Home library Current library Date acquired Source of acquisition Cost, normal purchase price Full call number Barcode Date last seen Price effective from Koha item type
    Dewey Decimal Classification     General Text Book Central University Of Rajasthan Central University Of Rajasthan 07/03/2012 CSC 1800.00 004.678 S41I 663 21/11/2024 02/09/2020 Books